|
|
|
|
| LEADER |
01002nam a2200253 a 4500 |
| 001 |
GR-MES4065 |
| 008 |
991111s gr 000 0 gre d |
| 020 |
|
|
|a 9608517206
|
| 040 |
|
|
|a GrPaTEI
|b gre
|c GR-PaULI
|
| 245 |
0 |
0 |
|a Μεθοδολογία νοσηλευτικής εκπαίδευσης :
|b Ψυχοπαιδαγωγική θεώρηση.
|
| 250 |
|
|
|a 2η
|
| 260 |
|
|
|b [χ.ό.]
|
| 300 |
|
|
|a 176σελ.
|
| 500 |
|
|
|a Περιέχει βιβλιογραφία στο τέλος του βιβλίου
|
| 650 |
|
4 |
|a ΑΓΩΓΗ
|
| 650 |
|
4 |
|a Διδασκαλία
|
| 650 |
|
4 |
|a ΕΚΠΑΙΔΕΥΣΗ
|
| 650 |
|
4 |
|a ΝΟΣΗΛΕΥΤΙΚΗ
|
| 650 |
|
4 |
|a ΠΑΙΔΑΓΩΓΙΚΗ
|
| 700 |
1 |
|
|a Κακαβούλης, Α.
|
| 942 |
|
|
|2 ddc
|
| 952 |
|
|
|0 0
|1 0
|2 ddc
|4 0
|6 610_650000000000000_ΚΑΚ
|7 0
|9 268710
|a MSLG
|b MSLG
|c BSC
|d 2021-01-17
|e 24
|f 0
|g 0.00
|l 0
|o 610.65 ΚΑΚ
|p 2420000011394
|r 2021-01-17 00:00:00
|t 1
|w 2021-01-17
|y BK15
|x 19991111 0 1
|x GrPaTEI
|
| 971 |
|
|
|a .b25751116
|b 16-04-20
|c 13-09-16
|
| 999 |
|
|
|c 154870
|d 154870
|